| 000 | 00934nas a2200325 4500 | ||
|---|---|---|---|
| 001 | BR0402876 | ||
| 003 | BR-BrBNA | ||
| 005 | 20231205104604.0 | ||
| 007 | ta | ||
| 008 | 230509b bl.|||p| |||| 00| 00por d | ||
| 040 |
_aBR-BrBNA _bpor _cBiblioteca Nacional de Agricultura |
||
| 041 | _a(Pt) | ||
| 072 | _aF01; J11 | ||
| 100 | 1 | _aKrammes, J.G. | |
| 100 | 1 | _aMegguer, C.A. | |
| 100 | 1 | _aArgenta, L.C. | |
| 100 | 1 | _aAmarante, C.V.T. do | |
| 100 | 1 | _aGrossi, D. | |
| 245 | 1 | _aUso do 1-metilciclopropeno para retardar a maturação do tomate | |
| 650 | _aTOMATE | ||
| 650 | _aLYCOPERSICON ESCULENTUM | ||
| 650 | _aETILENO | ||
| 650 | _aMATURAÇÃO | ||
| 650 | _aRESPIRAÇÃO | ||
| 650 | _aQUALIDADE | ||
| 650 | _aVIDA-DE-PRATELEIRA | ||
| 773 | 0 |
_tHorticultura Brasileira (Brazil) _xISSN 0102-0536 _g(Oct-Dec 2003), v. 21(4) p. 611-614 _wBR0402876 |
|
| 909 |
_a202311 _bLúcia _c55 _dLúcia Elande |
||
| 942 |
_2AGRIS _n0 _cANA |
||
| 999 |
_c178854 _d178854 |
||